00265nam a22000977a 4500100003100000245004800031260004900079300000900128650001900137650001100156 aGunasinghe,Sachith Dilshan aThe Role played by Plants in Cancer Therapy aColombobInstitute of Chemistry Ceylonc2012 a70 p aCancer therapy aPlants